00338nam a22001457a 4500020001800000082001400018100001400032245003200046250001200078260003200090300001000122650002000132650002500152650001500177 a9789356434882 aM3bJIS/M aJisa Jose aMukthibahini/cby Jisa Jose a3rd ed. aKottayam:bDc books,c2024. a335p. aNovel Malayalam aLiterature Malayalam aLiterature